000
00301nam a2200097Ia 4500
008
180305s9999 xx 000 0 und d
100
_a
Ursua, Dante U.
245
_c
Dante U. Ursua
_a
Sonata Song in Flute:
_b
Bamboo Flute Music 7/
260
_a
Makati City
_b
Kingflute Philippines
_c
1997
300
_a
46 Pages
999
_c
356062
_d
356062